Endogenous Money Supply Theories and Their Main Implications

Na rozdiel od skorších exogénnych prístupov sa v súčasnosti akceptuje, najmä medzi menovými expertmi, že tvorba a uvádzanie peňazí do obehu v moderných finančných systémoch je endogénny proces. Stále však existuje značné oneskorenie pri vyvodzovaní viacerých záverov. Článok predstavuje to, čo autori...

Descrizione completa

Salvato in:
Dettagli Bibliografici
Autore principale: Aradványi, Péter
Altri autori: Szalai, Zoltán
Natura: Capitolo di libro
Lingua:inglese
Soggetti:
Tags: Aggiungi Tag
Nessun Tag, puoi essere il primo ad aggiungerne!!

MARC

LEADER 00000naa a2200000 4500
001 0312766
005 20251013135306.9
041 0 |a eng 
044 |a HU 
245 1 0 |a Endogenous Money Supply Theories and Their Main Implications  |c Péter Aradványi, Zoltán Szalai 
520 |a Na rozdiel od skorších exogénnych prístupov sa v súčasnosti akceptuje, najmä medzi menovými expertmi, že tvorba a uvádzanie peňazí do obehu v moderných finančných systémoch je endogénny proces. Stále však existuje značné oneskorenie pri vyvodzovaní viacerých záverov. Článok predstavuje to, čo autori považujú za najdôležitejšie dôsledky pre súbor nástrojov menovej politiky, implementáciu menovej politiky a medzinárodné toky kapitálu. Endogénny prístup k tvorbe peňazí môže pomôcť poskytnúť pevnejší základ pre analýzy a vyhnúť sa možným chybám v hospodárskej politike. 
610 2 0 |a politika menová 
610 2 0 |a zásoba peňažná 
610 2 0 |a trh medzibankový 
610 2 0 |a kapitál 
610 2 0 |a teórie ekonomické 
610 2 0 |a politika hospodárska 
100 1 |a Aradványi, Péter 
700 1 |a Szalai, Zoltán